A magyar királyság vármegyéinek címerei a 18-19. században

Bibliographic Details
Main Author: Csáky, Imre (Author)
Format: Book
Language:Hungarian
PhysicalDescription:162 s. ilustr., mp. 29 cm
Published: [Budapest] Corvina c1995
ISBN:9631342344
Subjects:

MARC

LEADER 00000nam a2200000 a 4500
001 vtls001349459
003 SK-MaSNL
005 20260301200814.0
008 240318s1995 HU aba r 0yy hun
015 |a SNBZSA1999-00005 
020 |a 9631342344 
035 |a SNK000302769 
035 |a urn:nbn:sk:snk-amyebi 
035 |a urn:nbn:sk:snk-am00ceij 
035 |a 99575063-DC39-49ED-8DEF-DD0BBAD00530 
040 |a SNK  |b slo  |c SNK  |e AACR2 
041 0 |a hun 
044 |a HU 
080 |a 929.6:353.2(439.2)"17/18"=945.11  |2 1981 
080 |a 353.2(437.6)"17/18"=945.11  |2 1981 
100 1 |a Csáky, Imre  |4 aut  |9 353275 
245 1 0 |a A magyar királyság vármegyéinek címerei a 18-19. században  |c Csáky Imre 
260 |a [Budapest]  |b Corvina  |c c1995 
300 |a 162 s.  |b ilustr., mp.  |c 29 cm 
504 |a Bibliogr. s. 161-162 
650 0 7 |a erby žúp  |z Uhorsko  |y stor. 18.-19.  |x zobrazenia a opisy  |2 SNK  |9 580469 
655 7 |a prehľady  |2 SNK  |9 70194 
919 |a 963-13-4234-4 
958 |a ZS 
958 |a TL 
958 |a NB 
958 |a HU 
958 |a OND 
999 |c 892124  |d 894054 
952 |t P60, <03>, [BOOK], {603}  |a SNK  |b SNK  |y PREZ  |7 0  |p 17A0168035  |o snkSB 59652  |i snkV 1570/98  |0 0  |1 0  |4 0  |d 1998-11-24  |f 1  |l 0  |r 2025-04-08 00:00:00  |w 2026-02-24